01349cam a22003734a 45000010005000000030006000050050017000110080041000280100017000690200028000860200018001140200030001320200030001620400023001920420009002150500026002240820014002501000021002642450082002852500044003672600036004113000041004475050007004885200228004955210019007235210018007426500039007606500023007996500022008226500023008446500022008676510023008897000063009122884FISKH20240122101055.0010321s2002 maua b 000 1 eng  a 2001025884 a0763614467 (alk. paper) a9780439431743 a9780763648602 (hardcover) a9781536200720 (paperback) aDLCcDLCdDLCbeng alcac00aPZ7.M478419bJus 200200a[Fic]2211 aMcDonald, Megan.10aJudy Moody saves the world /cMegan McDonald ; illustrated by Peter Reynolds. aFirst Scholastic printing, October 2002 aNew York : bScholastic, c2002 a144 pages :billustrations ;c20 cm. aK  aWhen Judy Moody gets serious about protecting the environment, her little brother Stink thinks she is overdoing it, but she manages to inspire her third grade class to undertake an award-winning, environment-saving project.8 a570 bLexile 8 aK bRaz-Plus  1aEnvironmental protectionvFiction. 1aSiblingsvFiction. 1aSchoolsvFiction. 1aContestsvFiction. 1aHumorous stories. 1aVirginiavFiction.1 aReynolds, Peter H.q(Peter Hamilton),d1961-eillustrator